| 000 | 01477cam a22004213a 4500 | ||
|---|---|---|---|
| 001 | 12720586 | ||
| 003 | OSt | ||
| 005 | 20140310184430.0 | ||
| 008 | 940901s1994 nyua j 000 1 eng d | ||
| 010 | _a 2002563329 | ||
| 020 | _a0590481126 | ||
| 035 | _a(OCoLC)ocm31040938 | ||
| 040 |
_aEOW _cEOW _dSLC _dOZA _dOCL _dDLC |
||
| 042 | _alccopycat | ||
| 050 | 0 | 0 |
_aPZ 7 _b.D111 1994 |
| 100 | 1 |
_aDadey, Debbie. _94137 |
|
| 245 | 1 | 0 |
_aWitches don't do backflips / _cby Debbie Dadey and Marcia Thornton Jones ; illustrated by John Steven Gurney. |
| 260 |
_aNew York : _bScholastic, _c1994. |
||
| 300 |
_a85 p. : _bill. ; _c19 cm. |
||
| 440 | 0 |
_aLittle apple _94142 |
|
| 490 | 1 |
_aThe adventures of the Bailey School kids ; _v#10 |
|
| 500 | _a"A Little Apple paperback." | ||
| 521 | _aG4 | ||
| 526 | _c640 | ||
| 650 | 0 |
_aWitches _vFiction. _927026 |
|
| 650 | 0 |
_aTeachers _vFiction. _927027 |
|
| 650 | 0 |
_aBailey School Kids (Fictitious characters) _vFiction. _927028 |
|
| 655 | 7 |
_aAdventure fiction. _2gsafd _93061 |
|
| 655 | 7 |
_aChildren's stories. _2lcsh _93012 |
|
| 700 | 1 |
_aJones, Marcia Thornton. _94140 |
|
| 700 | 1 |
_aGurney, John Steven, _d1962- _927029 |
|
| 710 | 2 |
_aCopyright Paperback Collection (Library of Congress) _5DLC _9705 |
|
| 800 | 1 |
_aDadey, Debbie. _tAdventures of the Bailey School kids ; _v#10. _927030 |
|
| 906 |
_a7 _bcbc _ccopycat _d2 _encip _f20 _gy-genrareb |
||
| 942 |
_2lcc _cBK-SCHOLAS |
||
| 999 |
_c34336 _d34336 |
||